| 000 | 00735nam a2200241 a 4500 | ||
|---|---|---|---|
| 005 | 20210219153334.0 | ||
| 008 | 991125n 000 0 u | ||
| 035 | _aUPN01000092127 | ||
| 100 | _aStephenson, Joe | ||
| 222 | _aJOURNAL OF LEARNING DISABILITIES | ||
| 245 | _aThe perspectives of mothers whose children are in special day classes for learning disabilities | ||
| 300 | _a539-543 | ||
| 362 | _a25, No. 8, 1992 | ||
| 505 | _aAbril 1993 | ||
| 653 | 0 | _aACTITUD DE LOS PADRES | |
| 653 | 0 | _aACTITUDES EDUCATIVAS | |
| 653 | 0 | _aPARTICIPACION SATISFACTORIA | |
| 653 | 0 | _aPRACTICAS EDUCATIVAS | |
| 653 | 0 | _aPROBLEMAS DE APRENDIZAJE | |
| 653 | 0 | _aPROGRAMAS DE SALUD MENTAL | |
| 904 |
_aAC _b029938 |
||
| 905 | _aArticulo | ||
| 999 |
_c74298 _d74298 |
||